| 000 | 00746nam a22001457a 4500 | ||
|---|---|---|---|
| 999 |
_c11735 _d11735 |
||
| 008 | 160712b xxu||||| |||| 00| 0 eng d | ||
| 050 |
_aHJ8833 .K46 _b.K46 2011 |
||
| 110 | _aMinistry of Finance Kenya | ||
| 245 |
_aMedium term debt management strategy 2011/12 - 2013/14 _cKenya.; Kenya. Ministry of Finance. |
||
| 260 |
_aNairobi : _bGovernment Printer , _c2011. |
||
| 300 |
_a36p. : _bill. |
||
| 500 | _aGovernment of Kenya -- Policy doc. (Report) | ||
| 505 | _aGeneral objective of debt management in Kenya --- Overview of 2010 MTDS --- Key developments since the 2010 MTDS --- Characteristics of the existing debt portfolio --- 2011 MTDT: Key assumpions --- Outcome of the analysis of strategies -- debt sustainablity -- Implementing the 2011 MTDT --- Conclusion | ||
| 650 | _aDebt management. | ||
| 942 |
_2lcc _cREF_BOOK |
||